Adele's Vocabulary Quiz Stats

 Plays Quiz Updated May 21, 2019

Score 0/24 Timer 05:00
1 Play Today
% Correct
Defeated
91.1%
Savior
90.2%
Explosion
90%
Restless
89.7%
Wilderness
89.7%
Vicious
89.6%
Dignity
89.6%
Underestimate
89.5%
Inevitable
89.4%
Trembling
89.1%
Collide
89.1%
Lack
88.9%
% Correct
Crumbling
88.4%
Tingle
88.3%
Mention
88.1%
Strutting
88%
Regrets
87.4%
Bear
86.8%
Coy
86.1%
Sensible
84.4%
Fickle
84%
Apology
83.2%
Typical
83%
Touched
77.8%

You're not logged in!

Compare scores with friends on all Sporcle quizzes.
OR
Log In

Sporcle TV

Today on Sporcle TV


Watch our educational content, quiz creation guides, and fun videos on Sporcle TV.

Show Comments

Extras

Top Quizzes Today


Score Distribution

Your Account Isn't Verified!

In order to create a playlist on Sporcle, you need to verify the email address you used during registration. Go to your Sporcle Settings to finish the process.

Report this User

Report this user for behavior that violates our Community Guidelines.

Details: